[Event "Quarantennale op-B"]
[Site "Cirie"]
[Date "2013.04.28"]
[Round "3"]
[White "Lo Curto, Andrea"]
[Black "Casarin, Renato"]
[Result "1-0"]
[WhiteElo "1589"]
[BlackElo "1698"]
[PlyCount "93"]
[EventDate "2013.04.27"]
[EventType "swiss"]
[EventRounds "6"]
[EventCountry "ITA"]
[SourceTitle "EXT 2024"]
[Source "ChessBase"]
[SourceDate "2023.10.10"]
[SourceVersion "1"]
[SourceVersionDate "2023.10.10"]
[SourceQuality "1"]

1. e4 e6 2. Nf3 d5 3. exd5 exd5 4. d4 Be7 5. c4 c6 6. Nc3 Be6 7. Qb3 b6 8. Bf4 Nf6 9. Ne5 0-0 10. Bd3 Ne4 11. cxd5 Bxd5 12. Nxd5 Qxd5 13. Qxd5 cxd5 14. Bxe4 dxe4 15. 0-0 Rd8 16. Rad1 f6 17. Nc4 Nc6 18. d5 Nb4 19. d6 Bf8 20. Rfe1 Kf7 21. Rxe4 Re8 22. Rxe8 Rxe8 23. d7 Rd8 24. Bc7 Be7 25. Bxd8 Bxd8 26. Nd6+ Ke7 27. Nb7 Nc6 28. Nxd8 Kxd8 29. f4 Nb8 30. Kf2 Nxd7 31. Ke3 Ke7 32. b4 f5 33. a4 Nf6 34. h3 g6 35. b5 Ne4 36. Rc1 Nc5 37. a5 Kd7 38. Rd1+ Kc7 39. axb6+ axb6 40. Kd4 Kd6 41. Kc4+ Ke6 42. Ra1 h6 43. Ra7 Nd7 44. Rxd7 Kxd7 45. Kd5 g5 46. g3 g4 47. h4 1-0